<?xml version="1.0" encoding="UTF-8"?>
<record
    xmlns:xsi="http://www.w3.org/2001/XMLSchema-instance"
    xsi:schemaLocation="http://www.loc.gov/MARC21/slim http://www.loc.gov/standards/marcxml/schema/MARC21slim.xsd"
    xmlns="http://www.loc.gov/MARC21/slim">

  <leader>00800nam a22002777a 4500</leader>
  <controlfield tag="003">3228</controlfield>
  <controlfield tag="005">20250424111228.0</controlfield>
  <controlfield tag="008">250424b        sa ||||| |||| 00| 0 eng d</controlfield>
  <datafield tag="020" ind1=" " ind2=" ">
    <subfield code="a">9781485102120</subfield>
    <subfield code="q">pbk</subfield>
  </datafield>
  <datafield tag="040" ind1=" " ind2=" ">
    <subfield code="c">3228</subfield>
  </datafield>
  <datafield tag="041" ind1=" " ind2=" ">
    <subfield code="2">E</subfield>
  </datafield>
  <datafield tag="082" ind1=" " ind2=" ">
    <subfield code="a">362.2 DUNC</subfield>
  </datafield>
  <datafield tag="100" ind1=" " ind2=" ">
    <subfield code="a">Duncan, N.</subfield>
    <subfield code="9">154494</subfield>
  </datafield>
  <datafield tag="245" ind1=" " ind2=" ">
    <subfield code="a">Community Psychology:</subfield>
    <subfield code="b">Analysis, context and action.</subfield>
  </datafield>
  <datafield tag="260" ind1=" " ind2=" ">
    <subfield code="a">Claremont:</subfield>
    <subfield code="b">Juta &amp; Company Ltd,</subfield>
    <subfield code="c">2013.</subfield>
  </datafield>
  <datafield tag="300" ind1=" " ind2=" ">
    <subfield code="a">463 p. :</subfield>
    <subfield code="b">ill.</subfield>
    <subfield code="c">24 cm,</subfield>
    <subfield code="e">Includes CD.</subfield>
  </datafield>
  <datafield tag="504" ind1=" " ind2=" ">
    <subfield code="a">Includes bibliographical references (p.448 - 449) and index.</subfield>
  </datafield>
  <datafield tag="700" ind1=" " ind2=" ">
    <subfield code="a">Bowman, B.</subfield>
    <subfield code="9">161218</subfield>
  </datafield>
  <datafield tag="700" ind1=" " ind2=" ">
    <subfield code="a">Naidoo, A.</subfield>
    <subfield code="9">72943</subfield>
  </datafield>
  <datafield tag="700" ind1=" " ind2=" ">
    <subfield code="a">Pillay, J,</subfield>
    <subfield code="9">193250</subfield>
  </datafield>
  <datafield tag="700" ind1=" " ind2=" ">
    <subfield code="a">Roos, V.</subfield>
    <subfield code="9">193251</subfield>
  </datafield>
  <datafield tag="942" ind1=" " ind2=" ">
    <subfield code="x">Mike Maaboi</subfield>
    <subfield code="w">235</subfield>
    <subfield code="y">235</subfield>
    <subfield code="z">Mike Maaboi</subfield>
  </datafield>
  <datafield tag="942" ind1=" " ind2=" ">
    <subfield code="2">ddc</subfield>
  </datafield>
  <datafield tag="942" ind1=" " ind2=" ">
    <subfield code="2">ddc</subfield>
  </datafield>
  <datafield tag="942" ind1=" " ind2=" ">
    <subfield code="2">ddc</subfield>
    <subfield code="c">BOOK</subfield>
  </datafield>
  <datafield tag="999" ind1=" " ind2=" ">
    <subfield code="c">775475</subfield>
    <subfield code="d">775474</subfield>
  </datafield>
  <datafield tag="952" ind1=" " ind2=" ">
    <subfield code="0">0</subfield>
    <subfield code="1">0</subfield>
    <subfield code="2">ddc</subfield>
    <subfield code="4">0</subfield>
    <subfield code="7">0</subfield>
    <subfield code="8">300</subfield>
    <subfield code="a">MAFEL</subfield>
    <subfield code="b">MAFEL</subfield>
    <subfield code="c">CHILD</subfield>
    <subfield code="d">2025-04-24</subfield>
    <subfield code="l">1</subfield>
    <subfield code="o">362.2 DUNC</subfield>
    <subfield code="p">3300610005505</subfield>
    <subfield code="r">2025-04-29</subfield>
    <subfield code="s">2025-04-24</subfield>
    <subfield code="w">2025-04-24</subfield>
    <subfield code="y">BOOK</subfield>
  </datafield>
</record>
